000
00263nam a22001217a 4500
082
_a
821
_b
TAG/G
100
_a
RABINTHRANATH TAGORE
245
_a
GITANJALI
260
_a
NEW DELHI
_b
MACMILLAN
300
_a
87
650
_a
A COLLECTION OF PROSE
_z
DELHI
942
_c
BK
999
_c
4021
_d
4021